000 00544nam a2200217Ia 4500
003 OSt
005 20220924134512.0
006 a|||||r|||| 00| 0
007 ta
008 220923b |||||||| |||| 00| 0 snd d
024 _a274839
037 _cTextual
040 _aARTS
_cARTS
_bsnd
041 _2snd
_asnd
082 _aV2526cH:1.N5, 1593J5
100 _aJaisaram
_9208565
245 0 _aHaridwar jo Itihas
260 _c1955
942 _hV2526cH:1.N5, 1593J5
_cTEXL
_2CC
999 _c437492
_d437492